High Court Miscellanous Application No. 0074 of 2007 DFCU leasing CO LTD vs Nasolo Faridah (Record no. 5742)
[ view plain ]
| 000 -LEADER | |
|---|---|
| fixed length control field | 00340nam a22000977a 4500 |
| 008 - FIXED-LENGTH DATA ELEMENTS--GENERAL INFORMATION | |
| fixed length control field | 130911b xxu||||| |||| 00| 0 eng d |
| 010 ## - LIBRARY OF CONGRESS CONTROL NUMBER | |
| LC control number | HCMApln.F:120 |
| 245 ## - TITLE STATEMENT | |
| Title | High Court Miscellanous Application No. 0074 of 2007 DFCU leasing CO LTD vs Nasolo Faridah |
| 260 ## - PUBLICATION, DISTRIBUTION, ETC. (IMPRINT) | |
| Place of publication, distribution, etc | High Court Kampala |
| Date of publication, distribution, etc | 2007 |
| 500 ## - GENERAL NOTE | |
| Materials specified | BEFORE:Hon.Mr.Justice Lameck N Mukasa |
| Withdrawn status | Lost status | Source of classification or shelving scheme | Damaged status | Koha normalized classification for sorting | Not for loan | Location (home branch) | Sublocation or collection (holding branch) | Shelving location | Date acquired | Koha issues (times borrowed) | Koha full call number | Piece designation (barcode) | Koha date last seen | Price effective from | Koha item type |
|---|---|---|---|---|---|---|---|---|---|---|---|---|---|---|---|
| Dewey Decimal Classification | HCMAPLN__F120 | Law Development Centre Main Library | Law Development Centre Main Library | Reference | 06/08/2015 | HCMApln.F:120 | 0090/2015 | 06/08/2015 | 06/08/2015 | Un Reported Cases |
